| 000 | 00426nam a22001577a 4500 | ||
|---|---|---|---|
| 003 | OSt Macl | ||
| 005 | 20170418123439.0 | ||
| 008 | 170418b xxu||||| |||| 00| 0 eng d | ||
| 040 | _cMacl | ||
| 082 | _a900 | ||
| 100 |
_aChatterjee Dr. Shankar _967032 |
||
| 245 | _aMy Experience about Development in some Developing countries | ||
| 260 |
_aNew Delhi _bRenu pubhishers _c2016 |
||
| 650 |
_aHistory _967033 |
||
| 942 |
_2ddc _cBK |
||
| 999 |
_c56254 _d56254 |
||